00484nam a2200181Ia 450000500170000000800410001702000220005804100080008008200130008810000130010124500630011426000470017730000210022444000060024550000230025165000150027470000130028920230208160853.0230125s9999 xx 000 0 und d a978-81-7708-470-2 aeng a658bBHA aBhasin N aEase Of Doing Business In India : Past, Present And Future c2018bNew Century Publications.aNew Delhi a307pcPaper Back v2 aGeneral Management aManagement aBhasin N